| 000 | 00490 a2200157 4500 | ||
|---|---|---|---|
| 001 | ART_23602 | ||
| 005 | 20260410161827.0 | ||
| 008 | 260409a | ||
| 245 | 1 | 0 | _aSituación actual en la mitilicultura en Puerto Almanza |
| 100 | 1 | _aPagani, Andrea Noemí | |
| 700 | 1 | _aGualdoni, Patricia Alejandra | |
| 700 | 1 | _aBertolotti, María Isabel | |
| 700 | 1 | _aErrazti, Elizabeth | |
| 700 | 1 | _aFosati, Juan | |
| 773 | 0 |
_tFACES _g- Año 18, Nº 38/39 (ene./dic. 2012) _wREV5046 |
|
| 999 |
_c22857 _d22857 |
||